Shortest Words With All 5 Vowels - Statistics

General Stats
  • This quiz has been taken 6 times
  • The average score is 5 of 11
Answer Stats
Answer % Correct
Eunoia
100%
Moineau
83%
Sequoia
67%
Suoidea
50%
Eulogia
33%
Eutopia
33%
Adoulie
17%
Douleia
17%
Eucosia
17%
Eunomia
17%
Miaoued
17%
No matching quizzes found
Score Distribution
Percent of People with Each Score
Percentile by Number Answered
Your Score History
You have not taken this quiz